LEADER 01075cam a22002534a 4500 001 991002448289707536 008 140306s1999 nyu b 001 0 eng 020 $a0231114419 (paper) 035 $ab14175915-39ule_inst 040 $aDip. Fil. Ling. e Lett.$bita 082 00$a895.6/09 100 1 $aKeene, Donald $0479439 245 10$aSeeds in the heart :$bJapanese literature from earliest times to the late sixteenth century /$cwith a new preface by the author, Donald Keene. 260 $aNew York :$bColumbia University Press,$cc1999 300 $axii, 1265 p. ;$c24 cm. 440 2$aA History of Japanese Literature ;$vv. 1 500 $aOriginally published: New York : Henry Holt & Co., 1993. 650 4$aLetteratura giapponese$xManuali 907 $a.b14175915$b25-03-15$c06-03-14 912 $a991002448289707536 945 $aLE008 FL.M. (Giapp.) IV A 1 $cV. I$g1$i2008000090807$lle008$o-$pE0.00$q-$rl$s- $t0$u3$v0$w3$x0$y.i15594890$z06-03-14 996 $aSeeds in the heart$9260218 997 $aUNISALENTO 998 $ale008$b06-03-14$cm$da $e $feng$gnyu$h0$i0